Logotipos de empresas fusionados #2 - Estadísticas

Estadísticas generales
  • Esta prueba ha sido intentada 45 veces
  • La puntuación promedio es 24 de 32
Estadísticas de respuestas
Hint Sector Respuesta % Correcto
Red Social 🇺🇸 Instagram
100%
Entretenimiento 🇺🇸 Disney
98%
Comida 🇺🇸 Domino's Pizza
98%
Red Social 🇺🇸 Facebook
98%
Automotor 🇮🇹 Ferrari
98%
Automotor 🇺🇸 Ford
98%
Tecnológico 🇰🇷 LG
98%
Bebida 🇦🇹 Red Bull
98%
Red Social 🇺🇸 Twitter
98%
Tecnológico 🇺🇸 Android
95%
Muebles 🇸🇪 IKEA
95%
Deporte 🇩🇪 Puma
95%
Comida 🇺🇸 Taco Bell
95%
Calzado 🇺🇸 Vans
93%
Monería (かわいい) 🇯🇵 Sanrio
90%
Moda 🇺🇸 Polo Ralph Lauren
85%
Finanzas 🇺🇸 Visa
83%
Automotor 🇩🇪 Volkswagen
80%
Automotor 🇩🇪 Porsche
78%
Moda 🇸🇪 H&M
70%
Moda 🇺🇸 Tommy Hilfiger
68%
Ropa para exteriores 🇺🇸 The North Face
65%
Moda 🇺🇸 Levi's
55%
Chocolate 🇨🇭 Toblerone
55%
Petróleo 🇬🇧 BP
50%
Fotografía 🇺🇸 Kodak
50%
Comida 🇺🇸 Heinz
43%
Tecnológico 🇺🇸 IBM
43%
Calzado 🇺🇸 Foot Locker
40%
Ropa para exteriores 🇺🇸 Timberland
38%
Software 🇺🇸 Adobe
35%
Ropa de Surf/Nieve 🇺🇸 Quiksilver
35%
No se encontraron pruebas coincidentes
Distribución de puntuación
Porcentaje de gente con cada puntuación
Porcentaje por número respondido
Historial de tus puntuaciones
No has intentado esta prueba.